000 00923nam a2200229 a 4500
001 000227304
003 AM-YeHGA
005 20250618071541.0
008 030521s1942 ai a||||r|||||000|1|arm|d
040 _aAM-YeHGA
041 1 _aarm
_hrus
100 1 _aՍոբոլև, Լեոնիդ
245 1 0 _aԶգացմունքի դաստիարակությունը :
_b[Պատմվածք] /
_cԼեոնիդ Սոբոլև ; Թարգմ.՝ Վ. Միքայելյան, Վ. Ավագյան ; Նկ.՝ Բ. Մազմանյան.
260 _aԵրևան :
_bՀայպետհրատ,
_c1942.
300 _a52 էջ :
_bնկ. ;
_c14 սմ.
650 1 4 _aՌուս գրականություն
_xՊատմվածք
_94645
700 1 _aՄիքայելյան, Վահե Միքայելի,
_d1900-1967
_eթարգմ.
_4trl
_91704
700 1 _aԱվագյան, Վ.
_eթարգմ.
_4trl
700 1 _aՄազմանյան, Բ.
_eնկ.
_4art
942 _2udc
_cBK
090 _c81216
999 _c79949
_d79949